|
|
|
|
| LEADER |
00000nam a2200000 i 4500 |
| 001 |
115606 |
| 003 |
CZ ZlUTB |
| 005 |
20260506084819.0 |
| 007 |
ta |
| 008 |
260416s2025 xr f 001 0 cze |
| 015 |
|
|
|a cnb003750689
|
| 020 |
|
|
|a 978-80-7465-708-5
|q (brožováno)
|
| 040 |
|
|
|a ABA001
|b cze
|e rda
|
| 041 |
0 |
|
|a cze
|b eng
|
| 072 |
|
7 |
|a 159.95
|x Vyšší duševní procesy
|2 Konspekt
|9 17
|
| 080 |
|
|
|a 159.954
|2 MRF
|
| 080 |
|
|
|a 159.923.3
|2 MRF
|
| 080 |
|
|
|a 159.954/.955
|2 MRF
|
| 080 |
|
|
|a 37.01
|2 MRF
|
| 080 |
|
|
|a (048.8)
|2 MRF
|
| 100 |
1 |
|
|a Štěpánková, Kateřina,
|d 1973-
|7 pna20261293886
|4 aut
|
| 245 |
1 |
0 |
|a Tvořivý učitel, tvořivý žák :
|b jak porozumět tvořivosti a rozvíjet ji ve vzdělávání /
|c Kateřina Štěpánková
|
| 264 |
|
1 |
|a Červený Kostelec :
|b Pavel Mervart,
|c 2025
|
| 300 |
|
|
|a 139 stran ;
|c 21 cm
|
| 336 |
|
|
|a text
|b txt
|2 rdacontent
|
| 337 |
|
|
|a bez média
|b n
|2 rdamedia
|
| 338 |
|
|
|a svazek
|b nc
|2 rdacarrier
|
| 500 |
|
|
|a Terminologický slovník
|
| 504 |
|
|
|a Obsahuje bibliografii, bibliografické odkazy a rejstříky
|
| 546 |
|
|
|a Anglické resumé
|
| 650 |
0 |
7 |
|a kreativita
|7 ph121937
|2 czenas
|
| 650 |
0 |
7 |
|a tvůrčí osobnost
|7 ph126816
|2 czenas
|
| 650 |
0 |
7 |
|a tvůrčí myšlení
|7 ph116508
|2 czenas
|
| 650 |
0 |
7 |
|a vzdělávání
|7 ph127311
|2 czenas
|
| 650 |
0 |
9 |
|a creative ability
|2 eczenas
|
| 650 |
0 |
9 |
|a creative personality
|2 eczenas
|
| 650 |
0 |
9 |
|a creative thinking
|2 eczenas
|
| 650 |
0 |
9 |
|a education
|2 eczenas
|
| 655 |
|
7 |
|a monografie
|7 fd132842
|2 czenas
|
| 655 |
|
9 |
|a monographs
|2 eczenas
|
| 710 |
2 |
|
|a Nakladatelství Pavel Mervart
|7 kn20110210010
|4 pbl
|
| 910 |
|
|
|a ZLD002
|
| 942 |
|
|
|2 udc
|
| 952 |
|
|
|0 0
|1 0
|4 0
|6 37ŠTĚPÁNKOVÁK
|7 0
|8 BOOK
|9 191032
|a UTBZL
|b UTBZL
|c 005
|d 2026-05-06
|l 0
|o 37/ŠTĚPÁNKOVÁ,K.
|p 420010202011
|r 2026-05-06 08:48:54
|v 199.00
|w 2026-05-06
|x N:nákup
|y 01
|
| 952 |
|
|
|0 0
|1 0
|4 0
|6 37ŠTĚPÁNKOVÁK
|7 0
|8 BOOK
|9 191033
|a UTBZL
|b UTBZL
|c 006
|d 2026-05-06
|l 0
|o 37/ŠTĚPÁNKOVÁ,K.
|p 420010202012
|r 2026-05-06 08:49:21
|v 199.00
|w 2026-05-06
|x N:nákup
|y 04
|
| 992 |
|
|
|a BK
|b SKNEW
|
| 999 |
|
|
|c 115606
|d 115606
|